[Event "Kiev Malakhatko Memorial"]
[Site "Kiev"]
[Date "2023.07.15"]
[Round "8"]
[White "Kazakov, Maksym"]
[Black "Redko, Alyona"]
[Result "0-1"]
[WhiteElo "2032"]
[BlackElo "2112"]
[PlyCount "76"]
[EventDate "2023.07.15"]
[EventType "tourn (blitz)"]
[EventRounds "15"]
[EventCountry "UKR"]
[SourceTitle "CBM 215 Extra"]
[Source "ChessBase"]
[SourceDate "2023.09.30"]
[SourceVersion "1"]
[SourceVersionDate "2023.09.30"]
[SourceQuality "1"]

1. b3 e5 2. Bb2 d6 3. e3 f5 4. f4 Nc6 5. Bb5 exf4 6. Nh3 Nf6 7. Nxf4 Be7 8. Nh5 0-0 9. 0-0 Ne5 10. Bxe5 dxe5 11. Bc4+ Kh8 12. Nc3 c6 13. a4 Qe8 14. Ng3 Qg6 15. Qf3 e4 16. Qf4 Nd5 17. Bxd5 cxd5 18. Nxd5 Bd6 19. Qh4 Bxg3 20. Qxg3 Qxg3 21. hxg3 Bd7 22. c4 Rad8 23. Rf2 Bc6 24. Ne7 Bd7 25. Raf1 g6 26. g4 Rf7 27. Nd5 Rdf8 28. gxf5 gxf5 29. Rf4 Be6 30. Nc3 Rg8 31. Nxe4 Rfg7 32. Nc5 Rxg2+ 33. Kh1 Bc8 34. R4f2 R2g6 35. d3 b6 36. e4 bxc5 37. exf5 Bb7+ 38. Kh2 Rh6# 0-1

[Event "Kiev Malakhatko Memorial"]
[Site "Kiev"]
[Date "2023.07.15"]
[Round "10"]
[White "Prohorov, Olexandr"]
[Black "Redko, Alyona"]
[Result "1/2-1/2"]
[WhiteElo "2086"]
[BlackElo "2112"]
[PlyCount "23"]
[EventDate "2023.07.15"]
[EventType "tourn (blitz)"]
[EventRounds "15"]
[EventCountry "UKR"]
[SourceTitle "CBM 215 Extra"]
[Source "ChessBase"]
[SourceDate "2023.09.30"]
[SourceVersion "1"]
[SourceVersionDate "2023.09.30"]
[SourceQuality "1"]

1. b3 e5 2. Bb2 d6 3. e3 Nc6 4. Bb5 f5 5. d4 exd4 6. exd4 a6 7. Bxc6+ bxc6 8. Nf3 Nf6 9. 0-0 Be7 10. c4 0-0 11. Nc3 Ne4 12. d5 1/2-1/2

[Event "Malakhatko Memorial op"]
[Site "Chess.com INT"]
[Date "2023.06.14"]
[Round "10"]
[White "Redko, Alyona"]
[Black "Nikitin, Bogdan"]
[Result "1-0"]
[WhiteElo "2112"]
[BlackElo "1912"]
[PlyCount "107"]
[EventDate "2023.06.14"]
[EventType "swiss (blitz)"]
[EventRounds "11"]
[EventCountry "USA"]
[SourceTitle "CBM 214 Extra"]
[Source "ChessBase"]
[SourceDate "2023.07.31"]
[SourceVersion "1"]
[SourceVersionDate "2023.07.31"]
[SourceQuality "1"]

1. e4 e6 2. d4 d5 3. exd5 exd5 4. Nf3 Nf6 5. c4 Bb4+ 6. Nc3 0-0 7. Be2 dxc4 8. 0-0 Nc6 9. Bxc4 Bg4 10. Be3 Bxc3 11. bxc3 Nd5 12. Bd2 Nb6 13. Be2 Qf6 14. h3 Bh5 15. Re1 Rfe8 16. g4 Bg6 17. Bg5 Qd6 18. Qd2 Na5 19. Ne5 f6 20. Nxg6 hxg6 21. Bf4 Qd7 22. Qd3 g5 23. Bg3 Nac4 24. Qg6 Qf7 25. Qxf7+ Kxf7 26. Bxc4+ Nxc4 27. Rxe8 Rxe8 28. Bxc7 Rc8 29. Bg3 Na3 30. Rc1 Ke6 31. Kf1 Kd5 32. Ke2 b5 33. Kd3 Nc4 34. Re1 a5 35. Re7 Kc6 36. Rxg7 Kb6 37. Rf7 Rc6 38. d5 Rc5 39. Rxf6+ Kb7 40. Kd4 Rc8 41. Rf7+ Kb6 42. Rg7 b4 43. Rg6+ Kb5 44. Rc6 Rxc6 45. dxc6 Nb6 46. c7 Ka4 47. cxb4 axb4 48. Bd6 Ka3 49. f3 Nc8 50. Bc5 Ka4 51. Kd5 Ka3 52. Kc6 Kxa2 53. Bxb4 Na7+ 54. Kb7 1-0

[Event "Malakhatko Memorial op"]
[Site "Chess.com INT"]
[Date "2023.06.14"]
[Round "7"]
[White "Redko, Alyona"]
[Black "Sharapov, Evgeny"]
[Result "0-1"]
[WhiteElo "2112"]
[BlackElo "2375"]
[PlyCount "48"]
[EventDate "2023.06.14"]
[EventType "swiss (blitz)"]
[EventRounds "11"]
[EventCountry "USA"]
[SourceTitle "CBM 214 Extra"]
[Source "ChessBase"]
[SourceDate "2023.07.31"]
[SourceVersion "1"]
[SourceVersionDate "2023.07.31"]
[SourceQuality "1"]

1. e4 c5 2. c3 Nf6 3. e5 Nd5 4. g3 d6 5. exd6 Qxd6 6. Bg2 Nc6 7. Ne2 g6 8. d4 cxd4 9. Nxd4 Bg7 10. Nb5 Qe5+ 11. Qe2 Nb6 12. Qxe5 Bxe5 13. Be3 0-0 14. 0-0 Nc4 15. Bc5 a6 16. Bxc6 bxc6 17. Nd4 Bxd4 18. Bxd4 Nxb2 19. Nd2 Bf5 20. Rfe1 Rfe8 21. c4 Nd3 22. Re3 Nb4 23. Ne4 Nc2 24. Rd1 Nxe3 0-1